| 000 | 00900nam a2200301Ia 4500 | ||
|---|---|---|---|
| 001 | dia_1955 | ||
| 003 | CHAP | ||
| 005 | 20251021151453.0 | ||
| 008 | 220117s1970 xx 000 0 und d | ||
| 010 | _a172491 | ||
| 040 | _cCHAP | ||
| 082 | _a633.74 B73 1970 | ||
| 100 |
_aBraudeau, Jean _915089 |
||
| 245 |
_aEl Cacao / _c Jean Braudeau ; traducción Ángel M. Hernández Cardona |
||
| 260 |
_aEspaña : _b Blume, _c1970 |
||
| 300 | _a297 p. | ||
| 400 | _aCOLECCIÓN AGRICULTURA TROPICAL | ||
| 440 |
_aAgricultura tropical / director René Coste _9151917 |
||
| 500 | _aTítulo original: Le cacaoyer | ||
| 503 | _aC/e | ||
| 504 | _aBibliografía: p. 283-292 | ||
| 650 |
_aCacao _916918 |
||
| 700 | _aHernández Cardona, Ángel M., tr. | ||
| 901 | _a633.74 B73 1970 | ||
| 902 | _aM | ||
| 905 | _a0000001970 sp dmn 0000000000spa00 | ||
| 942 |
_cLIBRO _2ddc |
||
| 999 |
_c172491 _d172491 |
||